000
00311nam a2200133Ia 4500
008
191201s2008 xx 000 0 und d
100
_a
Hashem, Abul
245
0
_a
Common Errors in English
250
_a
23rd
260
_c
2008
_b
Ramesh Pub.
_a
N.Delhi
300
_a
536
650
_a
APPLIED
942
_2
ddc
_c
BB
_0
8
999
_c
7245
_d
7245